Faktory ovplyvňujúce rozvoj elektromobility

Vplyv subvencií a dotácií na rozvoj elektromobility primárne v podmienkach Slovenskej republiky a analyzovať vplyv a rozvoj nabíjacích staníc pre elektromobilty na Slovensku ako aj v okolitých krajinách ako Česká republika, Poľsko a Nemecko.

Gespeichert in:
Bibliographische Detailangaben
1. Verfasser: Rehák, Róbert, 1984-
Format: Buchkapitel
Sprache:Slowakisch
Schlagworte:
Tags: Tag hinzufügen
Keine Tags, Fügen Sie das erste Tag hinzu!

MARC

LEADER 00000naa$a2200000$$$4500
001 0249714
005 20240502074009.2
041 0 |a slo 
044 |a SK 
245 1 0 |a Faktory ovplyvňujúce rozvoj elektromobility  |c Róbert Rehák 
520 |a Vplyv subvencií a dotácií na rozvoj elektromobility primárne v podmienkach Slovenskej republiky a analyzovať vplyv a rozvoj nabíjacích staníc pre elektromobilty na Slovensku ako aj v okolitých krajinách ako Česká republika, Poľsko a Nemecko. 
610 2 0 |a elektromobily 
610 2 0 |a rozvoj technický 
610 2 0 |a elektronika 
610 2 0 |a energia 
610 2 0 |a energia elektrická 
610 2 0 |a Slovensko 
610 2 0 |a Česko 
610 2 0 |a Poľsko 
610 2 0 |a Nemecko 
100 1 |a Rehák, Róbert, 1984-